00479 2200193 4500001002100000005001500021008004100036020001800077035001900095041000700114082000800121090001400129100001900143245003200162260003200194300003500226500001000261650001400271INLIS00000000000213220241224112500241224||||||||| | ||| |||| || |  a979-518-944-1 0010-1224002132 aid0 a613 a613 HUT s0 aRonald Hutapea00aSehat & Ceria di Usia Senja aJakartabRineka Ciptac2005 avii, 118 hlm. : ilus, ; 20 cm. aCet.1 0akesehatan